1959 1332 1261 1612 1419 1439 1188 1037 1047 1210 1568 1722 1921 1559 1608 1539 1574 1718 1641 1751 1732 1144 1472 1585 1253 1415 1565 1282 1909 1655 1947 1082 1064 1356 1131 1766 1296 1783 1091 1288 1162 1165 1840 1213 1289 1265 1061 1757 1149 1832 1218 1143 1507 1283 1293 1942 1274 1183 1554 1862 1264 1079 1475 1453 1948 1905 1882 1682 1973 1987 1536 1722 1035 1924 1301 1433 1913 1892 1348 1011 1629 1462 1963 1899 1108 1201 1814 1454 1827 1439 1163 1693 1384 1462 1929 1027 1389 1067 1633 BCNSPRNW ULIB Ver.6.0+V

เปลี่ยนเป็นภาษาไทย

Change to English
 แสดงรายละเอียดบรรณานุกรม
  กลับหน้าหลัก

Brief Record : Get Marc (ISO 2709) : E-mail record : QR code < ปิดหน้าต่าง
LEADER : 00000nam 2200000uu 4500
001    13399120797
003     ULIB
008    020711s2548 th a 000 0 tha d
020    9749633245
050  4 BQ^อ873ว
100    เอกชัย จุละจาริตต์
245    วิธีบริหารความคิดให้ คิดดี ทำดี /^cเอกชัย จุละจาริตต์
250    พิมพ์ครั้งที่ 4
260    กรุงเทพฯ ^bเฟื่องฟ้าปริ้นติ้ง.,^c2548
300    136 หน้า
650    ความดี
650    จริยะธรรม
945    ^p20^l0^i13686
999    ^aทศพร เกษรทอง
รายการนี้ยังไม่มีแท็ก
คุณยังไม่ได้ล็อกอิน คุณสามารถมีกิจกรรมร่วมกับเว็บไซต์ได้ แต่ต้องล็อกอินก่อน ::
  ล็อกอิน

รายการสื่อสารสนเทศ

ลำดับที่ ประเภท เลขเรียก/บาร์โค้ด สถานที่ สถานะ
1. วิทยาศาสตร์การแพทย์ และสุขภาพ
วิทยาศาสตร์การแพทย์ และสุขภาพ
BQ^อ873ว ฉ.1 
  Barcode: 13686
ห้องสมุดวิทยาเขตสวรรค์ประชารักษ์
►หนังสือทั่วไป
บนชั้น

รายการใกล้เคียง
    ผู้แต่ง [เอกชัย จุละจาริตต์]

    หัวเรื่อง [ความดี]

BibComment


ยังไม่เคยถูกคอมเมนท์

คอมเมนท์ทรัพยากรรายการนี้
  คอมเมนท์: วิธีบริหารความคิด..


 Copyright 2026. Bcnsprnw @Library